000 00290nam a2200121Ia 4500
008 190216s9999||||xx |||||||||||||| ||und||
100 _aAkkitham Achyuthan Namboodiri
245 0 _aArangettom
260 _bCurrent Books
_c1961
300 _a56p
650 _aMalayalam Kavitha
942 _cBK
999 _c24064
_d24064